Estrategia Corporativa (Registro nro. 1981)
[ vista simple ]
| 000 -Cabecera | |
|---|---|
| Campo de control de longitud fija | 01159aam a2200385 4500 |
| 005 - Fecha y hora de la última transacción | |
| Campo de control | 20250521143956.0 |
| 008 - Elementos de longitud fija--Información general | |
| Campo de control de longitud fija | 150721b2006 xxu||||| |||| 00| 0 spa d |
| 041 ## - Idioma | |
| Código de idioma | |
| 082 ## - Clasificación Decimal Dewey | |
| Número de clasificación | 658.401.2 P898e |
| 100 ## - Entrada principal--Autor personal | |
| Nombre personal | Prahalad, C. K. |
| 9 (RLIN) | 16305 |
| 245 ## - Título propiamente dicho | |
| Título | Estrategia Corporativa |
| 260 ## - Pie de imprenta | |
| Lugar de publicación, distribución, etc. | España |
| 260 ## - Pie de imprenta | |
| Nombre del editor, distribuidor, etc. | Deusto |
| 260 ## - Pie de imprenta | |
| Fecha de publicación, distribución, etc. | 2006 |
| 300 ## - Descripción física | |
| Extensión | 254 páginas |
| 650 ## - Materia general | |
| Temática (materia general) | PLANIFICACIÓN Y ELABORACIÓN DE POLÍTICAS |
| 650 ## - Materia general | |
| Temática (materia general) | ADMINISTRACIÓN ESTRATÉGICA |
| 650 ## - Materia general | |
| Temática (materia general) | TRANSFORMACIÓN INDUSTRIAL |
| 650 ## - Materia general | |
| Temática (materia general) | EMPRESAS MULTINACIONALES |
| 650 ## - Materia general | |
| Temática (materia general) | CONTROL ESTRATÉGICO DE LAS MNC (MULTINACIONALES) |
| 650 ## - Materia general | |
| Temática (materia general) | CATEGORÍAS DE MULTINACIONALES |
| 650 ## - Materia general | |
| Temática (materia general) | MECANISMOS DE ADMINISTRACIÓN |
| 650 ## - Materia general | |
| Temática (materia general) | PLANEACIÓN ESTRATÉGICA |
| 650 ## - Materia general | |
| Temática (materia general) | ESTRATEGIA CORPORATIVA |
| 650 ## - Materia general | |
| Temática (materia general) | ESTRATEGIA DE DIFERSIFICACIÓN |
| 650 ## - Materia general | |
| Temática (materia general) | CONTROL ESTRATÉGICO |
| 650 ## - Materia general | |
| Temática (materia general) | CALIDAD DE LA GESTIÓN |
| 650 ## - Materia general | |
| Temática (materia general) | VARIEDAD ESTRATÉGICA |
| 650 ## - Materia general | |
| Temática (materia general) | MODELO DART |
| 650 ## - Materia general | |
| Temática (materia general) | BLOQUES DE CONSTRUCCIÓN DE CO-CREACIÓN |
| 650 ## - Materia general | |
| Temática (materia general) | CREACIÓN DE RIQUEZA |
| 650 ## - Materia general | |
| Temática (materia general) | LÓGICA DOMINANTE |
| 942 ## - Punto de acceso adicional KOHA | |
| Tipo de ítem KOHA | Libro |
| Fuente del sistema de clasificación o colocación | Dewey Decimal Classification |
| Signatura completa | Código de barras | Tipo de ítem |
|---|---|---|
| 658.401.2 P898p | 11389 | Libro |